Variables estacionales en los modelos de regresión: la aplicación a la demanda por dinero en Costa Rica /

Uloženo v:
Podrobná bibliografie
Hlavní autor: Kikut Valverde, Ana Cecilia
Další autoři: Torres G., Carlos E
Médium: Text
Témata:
Tagy: Přidat tag
Žádné tagy, Buďte první, kdo vytvoří štítek k tomuto záznamu!

MARC

LEADER 00000 a a2200000 04500
001 5448
003
040
100 |a Kikut Valverde, Ana Cecilia  
245 |a Variables estacionales en los modelos de regresión:   |b la aplicación a la demanda por dinero en Costa Rica /  |c Ana Cecilia Kikut Valverde 
650 |a MODELOS  
650 |a DEMANDA  
650 |a DINERO  
650 |a ECONOMETRIA  
650 |a TEORIA  
700 |a Torres G., Carlos E  
773 |g número 7; páginas 77-93  
999 |c 22494  |d 22494